El amante japonés / (Registro nro. 3307)

Detalles MARC
000 -LEADER
fixed length control field 00978nam a2200193 a 4500
008 - CAMPO DE CONTROL (LIBRO)
fixed length control field 161215t2015 ag |||g |||| 00| f spa d
020 ## - INTERNATIONAL STANDARD BOOK NUMBER
ISBN 9789500752442
041 ## - CODIGO DE IDIOMA
Código de idioma del texto/pista de sonido o título separado spa
092 ## - SIGNATURA TOPOGRAFICA DEWEY LOCAL
número de clasificación 863
libristica 3
sección ALL
100 1# - ENTRADA PRINCIPAL--NOMBRE PERSONAL
Nombre personal Allende, Isabel
9 (RLIN) 3210
245 #3 - TITULO PROPIAMENTE DICHO
Título El amante japonés /
Mención de responsabilidad y remanente de la transcripción de la portada Isabel Allende
250 ## - MENCION DE EDICION
Mención de edición 1a ed.
260 ## - PIE DE IMPRENTA
Lugar de publicación, distribución, etc Buenos Aires:
Nombre de la editorial, distribuidor, etc Sudamericana;
Fecha de publicación 2015.
300 ## - DESCRIPCION FISICA
Extension 352 p.
Dimensiones 23x16 cm.
500 ## - NOTA GENERAL
Nota general Allende, I. (2015). El amante japonés. (1a ed.). Buenos Aires : Sudamericana.
505 ## - NOTA DE CONTENIDO
Nota de contenido formateada A los veintidós años, sospechando que tenían el tiempo contado, Ichimei y Alma se atragantaron de amor para consumirlo entero, pero mientras más intentaban agotarlo, más imprudente era el deseo, y quien diga que todo fuego se apaga solo tarde o temprano, se equivoca: hay pasiones que son incendios hasta que las ahoga el destino de un zarpazo y aun así quedan brasas calientes listas para arder apenas se les da oxígeno.
655 ## - MATERIA - GENERO/FORMA
Género/Forma Novela
-- 3091
942 ## - ADDED ENTRY ELEMENTS (KOHA)
Source of classification or shelving scheme Dewey Decimal Classification
Item type LITERATURA
Existencias
Estado de retiro Existencia Fuente de clasificación Estado general No para prestamo Ubicación permanente ubicación actual Sala de ubicación Fecha de adquisición Fuente de adquisición Total Checkouts Total Renewals Número de clasificación Código de barras Date last seen Date last borrowed Número de ejemplar Price effective from Koha tipo de elemento (item) Public note Coded location qualifier
    Dewey Decimal Classification     Biblioteca Medicina Biblioteca Medicina Circulación 22/09/2025 Donación Guerra, Valeria. Septiembre 2025. 1 2 863 3 ALL 5112 06/11/2025 26/09/2025 Ej. 1 22/09/2025 LITERATURA Donación Guerra, Valeria. Septiembre 2025. Sede Tordos.  

UNIVERSIDAD NACIONAL DEL COMAHUE
Biblioteca de la Facultad de Ciencias Médicas
Sede Toschi: Los Arrayanes y Av. Toschi, Cipolletti  - Rio Negro
Sede Los Tordos:  Yrigoyen al 2211, Cipolletti - Rio Negro 

Teléfono: 0299 - 4774707 int 25
Contacto: biblioteca@facimed.uncoma.edu.ar
© 2011 - 2026